00455cam a2200169ua 45000010006000000050017000060080039000230200018000620400009000800410008000890820008000971000027001052450061001322600047001933000010002406530035002501180920260515114813.0191109n xxk |||gr||||Z||||||eng a9780190938239 cMAIN aeng a810 aJames D Hart,eAuthor. aOxford companion to american literaturecBy James D Hart aNew York:bOxford university press,c2018. a779p. aAmerican literature in English